Obstruction theory
Saved in:
| Hovedforfatter: | |
|---|---|
| Format: | Bog |
| Sprog: | engelsk |
| Udgivet: |
Río de Janeiro
IMPA-CNPq
1966
|
| Serier: | Notas de Matemática, 34
|
| Fag: | |
| Tags: |
Tilføj Tag
Ingen Tags, Vær først til at tagge denne postø!
|
MARC
| LEADER | 00000nam a2200000 a 4500 | ||
|---|---|---|---|
| 001 | UCP3760 | ||
| 003 | CL-VaPUC | ||
| 008 | 990702e19660000BL |||||||||||||||||eng|d | ||
| 082 | 0 | 4 | |a 514.24 |b SPA |2 21 |
| 100 | 0 | |a Spanier, E. H |e author |9 431146 | |
| 245 | 1 | 0 | |a Obstruction theory |
| 300 | |a 55 p | ||
| 942 | |c BK | ||
| 945 | |d 19990702 00:00:00 |a crobeson | ||
| 260 | |a Río de Janeiro |b IMPA-CNPq |c 1966 | ||
| 650 | 7 | |a HOMOTOPIA |2 CL-VaPUC |9 423610 | |
| 650 | 7 | |a TEORIA DE LA OBSTRUCCION |2 CL-VaPUC |9 431147 | |
| 650 | 0 | |a Topología algebraica |9 269858 | |
| 583 | |a last modification |c 19990702 00:00:00 |k Rodrigo Vera | ||
| 490 | 0 | |a Notas de Matemática, 34 | |
| 999 | |c 281957 |d 281955 | ||